00872nam a2200205Ia 4500020001600000020001600016040000800032082002600040100001700066245001900083260004400102300002100146500009800167500006900265520025400334650001300588650001300601650001000614650004200624 a0439587573  a043958549X  cIHI a813 SCH 2002 A094 Or.1 aBlume, Judy.10aDouble Fudge / aNew York :bScholastic,c[2003], c2002. a213 p. ;c20 cm. a"This edition is only available for distribution through the school market"--P. [4] of cover. aOriginally published: New York : Dutton Children's Books, c2002. aHis younger brother Fudge's obsession with money and an unexpected encounter with twin cousins Flora and Fauna and a weird younger cousin also named Farley Drexel Hatcher, just like Fudge, provide many embarrassing moments for twelve-year-old Peter. 0aBrothers 0aFamilies 0aMoney 0aHatcher, Fudge (Fictitious character)